000 00747nam a2200181 i 4500
001 182746
003 ES-MaACL
005 20250902062856.0
008 131022s1980 sp |||| | spa d
100 0 _aRull Sabater, Alberto.
_9100979
245 1 3 _aEl tamaño de las empresas en Andalucía y su comparación con el resto del país /
_cpor Alberto Rull Sabater.
260 _aMadrid :
_bConsejo Superior de Investigaciones Científicas, Instituto de Sociología "Jaime Balmes",
_c1980.
300 _aP-[75]-97 ;
_c24 cm.
595 _aSeparata de la Revista Internacional de Sociología, Segunda época, enero-marzo 1980, nº 33.
650 0 4 _aEmpresas-
_zEspaña
_912218
852 _aES-MaACL
_j2327-F-18
999 _c182746
_d182746